Pays et Territoires du Pacifique sur une carte - Statistiques

Statistiques générales
  • Ce quiz a été pris 517 fois
  • Le résultat moyen est 46 sur 66
Réponses sur la Carte
Les réponses sont colorées sur une échelle allant du rouge au vert en fonction du pourcentage des utilisateurs qui les ont devinées à leur premier essai. Vous pouvez retrouver ces pourcentages ci-dessous.
 
Statistiques - réponses
Indice Réponse % Correct
Pays Australie
98%
Pays Japon
97%
Pays Chine
96%
Pays Indonésie
96%
Pays Corée du Nord
95%
Pays Corée du Sud
95%
Pays États-Unis
95%
Pays Mexique
95%
Pays Nouvelle-Zélande
95%
Pays Papouasie-Nouvelle-Guinée
95%
Pays Russie
95%
Pays Vietnam
95%
Pays Canada
94%
Pays Chili
94%
Pays Philippines
94%
Pays Taïwan
94%
Pays Colombie
93%
Pays Malaisie
93%
Pays Pérou
93%
Pays Thaïlande
93%
Pays Panama
92%
Pays Cambodge
91%
Pays Équateur
91%
Pays Guatemala
90%
Pays Honduras
90%
Pays Costa Rica
89%
Pays Nicaragua
88%
Pays Salvador
88%
Pays Îles Marshall
87%
Pays Vanuatu
87%
Pays États Fédérés de Micronésie
86%
Pays Fidji
86%
Pays Kiribati
86%
Collectivité française d'outre-mer Polynésie française
85%
Région administrative spéciale de Chine Hong Kong
83%
Pays Îles Salomon
83%
Pays Tuvalu
83%
Pays Nauru
82%
Collectivité française sui generis Nouvelle-Calédonie
82%
Pays Samoa
82%
Pays Palaos
81%
Pays Tonga
81%
Pays Singapour
75%
Pays Timor-Oriental
75%
Pays Brunei
73%
Région administrative spéciale de Chine Macao
63%
Collectivité française d'outre-mer Wallis-et-Futuna
61%
Territoire spécial du Chili Île de Pâques
55%
Territoires des États-Unis Guam
50%
Propriété domaniale de l'État français Clipperton
44%
État associé à la Nouvelle-Zélande Îles Cook
44%
Territoires des États-Unis Îles Mariannes du Nord
39%
Territoires des États-Unis Samoa américaines
39%
État associé à la Nouvelle-Zélande Niue
38%
Territoire britannique d'outre-mer Îles Pitcairn
30%
Territoires extérieurs australiens Île Norfolk
28%
Territoire dépendant de Nouvelle-Zélande Tokelau
25%
Territoires extérieurs australiens Îles de la mer de Corail
24%
Territoires des États-Unis Îles Midway
18%
Territoires des États-Unis Wake
13%
Territoires des États-Unis Atoll Johnston
11%
Territoires des États-Unis Île Jarvis
11%
Territoires des États-Unis Île Baker
10%
Territoires des États-Unis Atoll Palmyra
9%
Territoires des États-Unis Île Howland
9%
Territoires des États-Unis Récif Kingman
9%
Aucun quiz correspondant
Distribution des résultats
% des personnes avec chaque résultat
Percentile par nombre de réponses
Votre historique - résultats
Vous n’avez pas pris ce quiz